| 000 | 02177nam a2200301Ia 4500 | ||
|---|---|---|---|
| 999 |
_c51420 _d51420 |
||
| 001 | 18406 | ||
| 003 | GE_BSU | ||
| 005 | 20260327163209.0 | ||
| 008 | 181216s2016||||ge |||||||||||||| ||geo|| | ||
| 020 | _a9789941460258 | ||
| 040 | _cGE_BSU | ||
| 041 | _ageo | ||
| 080 | _a811.353.1'282+94(479.223)(560) ფ-32 | ||
| 100 |
_aფაღავა, მამია _927228 |
||
| 245 |
_aმუჰაჯირთა შთამომავლებთან / _cმამია ფაღავა; რედაქტორები: მალხაზ ჩოხარაძე, ზაზა შაშიკაძე; ბათუმის შოთა რუსთაველის სახელმწ. უნ-ტი, ჰუმანიტარულ მეცნიერებათა ფაკ-ტი, ქართველოლოგიის ცენტრი. |
||
| 245 | _cსარედ.საბჭო:მამია ფაღავა,ზაზა შაშიკაძე და სხვ,რედ: მალხაზ ჩოხარაძე,ზაზა შაშიკაძე | ||
| 264 |
_aბათუმი : _bს.ს. ”გამომცემლობა აჭარა”, _c2016. |
||
| 300 |
_a493 გვ.; _b20 სმ. |
||
| 490 | _aისტორიულ სამხრეთ საქართველოს ყოფა და კულტურა ; 6 | ||
| 504 | _aბიბლიოგრ. ტექსტის შენიშვნებში. | ||
| 653 | _aთურქეთში მცხოვრებ ქართველთა ყოფა-ცხოვრება | ||
| 653 | _aქართველები თურქეთში | ||
| 653 | _aქართული ენის დიალექტები | ||
| 700 |
_aჩოხარაძე, მალხაზ _eრედაქტორი _927229 |
||
| 700 |
_aშაშიკაძე, ზაზა _eრედაქტორი _927230 |
||
| 710 |
_aბსუ. _bჰუმანიტარულ მეცნიერებათა ფაკ-ტი. ქართველოლოგიის ცენტრი. _927231 |
||
| 942 |
_cBK _2udc |
||